000 01830cam a22005054i 4500
003 PE-LiUPU
005 20250731173515.0
008 150616s1994 nyu rb 000 0 eng d
020 _a0385110685
035 _a(Sirsi) i9780385110686
040 _aPE-LiUPU
_bspa
_cPE-LiUPU
_erda
049 _aPRUA
082 0 4 _a220.7
_bAB1994
_221
100 1 _aBarth, Markus,
_eautor.
245 1 0 _aColossians /
_ca new translation with introduction and commentary.
264 1 _aNew York :
_bThe Anchor Bible, Doubleday,
_c1994.
300 _a557 páginas ;
_c24 centímetros.
336 _atext
_2rdacontent
337 _aunmediated
_2rdamedia
338 _avolume
_2rdacarrier
490 0 _aThe Anchor Bible ;
_v34B
504 _aBibliografía: páginas 491-513.
505 0 _aThe city of colossae -- Pagan cults and jewish presence in phrygia -- The congragation at colossae -- The menace of a religión -- The structure, character, and purpose of colossians.
526 _aSEG42
526 _aSEG41
526 _aSEG40
526 _aSEG39
526 _aP94
526 _aP87
526 _aP86
526 _aP85
526 _aP77
526 _aP76
526 _aP35
630 _aBiblia.
_pN.T.
_pColosenses
_xComentarios.
700 1 _aBeck, Astrid B.
700 1 _aBlanke, Helmut
910 _ajck
_bjvq
_cjck
942 _2ddc
_cBOOK
949 _a220.7 AB 34B 1994
_wDEWEY
_c1
_i41493
_lCCODEBUL1
_mBUL
_r0
_sY
_tBOOK
_u2015-6-16
_xTEOLOGIA
_zUNKNOWN
_0COMPRA
_o.STAFF. Colección General
994 _aC0
_bPEPRU
596 _a1
999 _a220.7 AB 34B 1994
_wDEWEY
_c59210
_i41493
_d59210
_e2017-3-8
_f2021-11-9
_g5
_lCCODEBUL1
_mBUL
_n1
_q3
_r0
_sY
_tBOOK
_u2015-6-16
_xTEOLOGIA
_zUNKNOWN
_0COMPRA
_o.STAFF. Colección General
980 _81
_gALBERTO SANCHEZ Responsable de Automatización